000 00518nam a2200169Ia 4500
008 220214s9999 xx 000 0 und d
022 _a0304-5951
245 0 _aABSTRACTS ON TROPICAL AGRICULTURE
246 _aAgriculture and Environment for Developing Regions
247 _aTropical Abstracts
260 _bRoyal Tropical Institute, Amsterdam, The Netherlands
310 _aM
500 _aEnd Date: 1995
500 _aEnding Volume & Year: 20, 1995
500 _aStarting Volume & Year: 1, 1975
942 _cBJ
999 _c11950
_d11950